000 00648nam a2200205Ia 4500
003 GCL
008 140319s9999 xx 000 0 ara d
040 _aGCL /
_cGCL
082 0 4 _aد
_b050
100 1 _aسيمونز، ايان
245 1 0 _aالبيئة و الانسان عبر العصور (عالم المعرفة 222 ) /
_cسيمونز، ايان
700 1 _aالسيد محمد عثمان
300 _a299
490 _aعالم المعرفة
_v0
650 0 4 _aالبيئة
650 0 4 _aالانسان
650 0 4 _aالانسان والبيئة
650 0 4 _aالانسان - تاثير الطبيعة على
942 _2ddc
_cBK
999 _c48753
_d48753